000 00714nam a22002177a 4500
003 UA-OsUOA
001 98105
007 ta
008 20130409b un ||||| |||| 00| 0 ukr d
090 _a821.161.1
_bО-61
942 _cBK
040 _aUA-OsUOA
_cUA-OsUOA
_dUA-OsUOA
245 _aОповідання письменників автономних республік, областей, національних округів та країн РРФСР
_cУпор. Крамов І.
300 _a350 с.
955 _a3
080 _a821.161.1
260 _aК.
_bДніпро
_c1976
246 3 1 _aВ 1
_n
650 7 _a82 Література. Літературознавство
_2UDC
999 _c385132
_d385132